The fundamentals of product design / (Record no. 12843)

000 -LEADER
fixed length control field 00659cam a22002418i 4500
003 - CONTROL NUMBER IDENTIFIER
control field OSt
005 - DATE AND TIME OF LATEST TRANSACTION
control field 20240730162425.0
008 - FIXED-LENGTH DATA ELEMENTS--GENERAL INFORMATION
fixed length control field 160205s2016 enk b 001 0 eng
020 ## - INTERNATIONAL STANDARD BOOK NUMBER
International Standard Book Number 9781472578242 (pbk. : alk. paper)
040 ## - CATALOGING SOURCE
Original cataloging agency DLC
Language of cataloging eng
Transcribing agency DLC
Description conventions rda
042 ## - AUTHENTICATION CODE
Authentication code pcc
082 00 - DEWEY DECIMAL CLASSIFICATION NUMBER
Classification number 658.5/75
Edition number 23
100 1# - MAIN ENTRY--PERSONAL NAME
Personal name Morris, Richard,
Dates associated with a name 1962-
Relator term author.
245 14 - TITLE STATEMENT
Title The fundamentals of product design /
Statement of responsibility, etc Richard Morris.
250 ## - EDITION STATEMENT
Edition statement Second edition.
263 ## - PROJECTED PUBLICATION DATE
Projected publication date 1610
300 ## - PHYSICAL DESCRIPTION
Extent pages cm.
490 0# - SERIES STATEMENT
Series statement Fundamentals
504 ## - BIBLIOGRAPHY, ETC. NOTE
Bibliography, etc Includes bibliographical references and index.
650 #0 - SUBJECT ADDED ENTRY--TOPICAL TERM
Topical term or geographic name as entry element Product design.
650 #0 - SUBJECT ADDED ENTRY--TOPICAL TERM
Topical term or geographic name as entry element New products.
942 ## - ADDED ENTRY ELEMENTS (KOHA)
Source of classification or shelving scheme
Holdings
Withdrawn status Lost status Source of classification or shelving scheme Damaged status Koha normalized classification for sorting Not for loan Permanent location Current location Date acquired Source of acquisition Cost, normal purchase price Full call number Barcode Date last seen Cost, replacement price Price effective from Koha item type Shelving location
        658_500000000000000_75   BMS College of Architecture, Design and Planning BMS College of Architecture, Design and Planning 2024-07-30 1 2311.28 658.5/75 AR-UG4073 2024-07-30 3081.70 2024-07-30 B.Design  
        658_500000000000000_75   BMS College of Architecture, Design and Planning BMS College of Architecture, Design and Planning 2025-12-05     658.5/75 AR-UG5030 2026-02-10   2026-02-10 B.Design General Stacks
Copyright © 2025, The Librarian, Library and Information Centre, BMSCA D&P, Bengaluru. All Rights Reserved
web counter

Powered by Koha